30 biggest cities in Delaware - Statistics

General Stats
  • This quiz has been taken 36 times
  • The average score is 10 of 30
Answer Stats
Population City % Correct
39,894 Dover
96%
71,675 Wilmington
96%
30,169 Newark
69%
1,220 Rehoboth Beach
62%
25,022 Middletown
58%
13,277 Smyrna
54%
5,549 New Castle
50%
3,604 Lewes
46%
13,289 Milford
46%
8,735 Seaford
42%
7,873 Georgetown
38%
6,157 Elsmere
35%
4,275 Laurel
31%
1,905 Delaware City
27%
3,860 Harrington
27%
4,188 Camden
23%
2,216 Delmar
23%
7,637 Millsboro
19%
3,675 Milton
19%
1,356 Felton
15%
3,184 Selbyville
15%
2,829 Bridgeville
12%
4,399 Clayton
12%
2,937 Ocean View
12%
2,832 Townsend
12%
2,049 Millville
8%
1,233 Bellefonte
4%
2,257 Cheswold
4%
1,295 Blades
0%
1,868 Wyoming
0%
No matching quizzes found
Score Distribution
Percent of People with Each Score
Percentile by Number Answered
Your Score History
You have not taken this quiz